00457nam a22001577a 450000500170000002000260001703700130004303700170005608200060007310000180007924500580009726000530015527000420020830000280025050000210027820130805124642.0 a9789381506080c295.00 bDBAD/PUB bUBH/Venadpl aN akhalap, Kiran aTwo pronouns and a verb :ba novel /cby Kiran khalap aNew delhibAn imprint of Manjul Publishing House aJ-39,Jor bagh lanebNew Delhie110003 axvii, 220p.c21cm(pbk). ait include index